On This Day: September 28th Quiz Stats

 Plays Quiz Updated Sep 28, 2017

Challenge
Share
Tweet
Embed
Score 0/7 Timer 03:00
1 Play Today
Question Answer Wrong Answers
Sir Alexander Fleming notices a bacteria-killing mold growing in his laboratory, discovering what later became known as this.
1928
Penicillin
95.7%
Aspirin
1%
Insulin
1.5%
Acetaminophen
0.7%
Nazi Germany and the Soviet Union agree on a division of this country after their invasion during World War II.
1939
Poland
83.2%
Finland
2.7%
France
1.9%
Ukraine
10.6%
This city becomes the capital of Ontario, having also been the capital of Ontario's predecessors since 1796.
1867
Toronto
78.4%
Montreal
12.4%
Vancouver
4.9%
Calgary
4.4%
______ launches the first private spacecraft, the Falcon 1, into orbit.
2008
SpaceX
63.4%
Virgin Galactic
27.9%
SpaceDev
3.4%
Planetary Resources
2.6%
A military coup in Damascus effectively ends the United Arab Republic, the union between this African nation and Syria.
1961
Egypt
63.1%
Tunisia
6.5%
Libya
23%
Morocco
5%
The first General Conference on Weights and Measures defines the length of a ______ as the distance between two lines on a standard bar of an alloy of platinum with 10% iridium, measured at the melting point of ice.
1889
Meter
51.6%
Furlong
10.5%
Inch
26.2%
Nautical Mile
10.9%
The Drama uprising against the Bulgarian occupation in northern ______ begins.
1941
Greece
29.8%
Turkey
16.9%
Romania
27.7%
Hungary
23.5%

Today's Daily Dose

You're not logged in!

Compare scores with friends on all Sporcle quizzes.
Join for Free
OR
Log In

You Might Also Like...

Show Comments

Extras

Top Quizzes Today


Score Distribution

Your Account Isn't Verified!

In order to create a playlist on Sporcle, you need to verify the email address you used during registration. Go to your Sporcle Settings to finish the process.

Report this User

Report this user for behavior that violates our Community Guidelines.

Details: